000 00664nam a22002297a 4500
003 UA-OsUOA
001 43754
007 ta
008 20070122b un ||||| |||| 00| 0 ukr d
090 _a018(092)
_bФ83
942 _cBK
040 _aUA-OsUOA
_bukr
_cUA-OsUOA
_dUA-OsUOA
245 _aФранко І.
_bКаталог книжкових видань
_cУклад. Б.Геляс, К. Костишина
300 _a253 с.
955 _a3
041 _aukr
080 _a018(092)
020 _a966-613-459-4
260 _aЛьвів
_c2006
650 7 _a01 Бібліографія і бібліографії. Каталоги
_2UDC
999 _c329875
_d329875